=LDR 00000nam 2200000 4500 =001 INLIS000000000047102 =005 20150810121308.0 =006 =007 =008 =035 ##$$0010-081500000000016 =082 ##$$a342 =100 ##$$aSRI SOEMANTRI =245 ##$$aSISTEM KETATANEGARAAN INDONESIA PASCA PERUBAHAN UUD.1945 =260 ##$$a BANDUNG $b FOKUS MEDIA $c 2007 =300 ##$$a XVI; 214 HLM $c 25 CM =850 ##$$aNBPNMAT